000
00211nam a22000857a 4500
999
_c
10964
_d
10964
008
180703b ||||| |||| 00| 0 eng d
100
_a
Kirmani.F.
_9
6766
245
_a
Bacho k rang manchiye natak
260
_a
New Delhi